| 000 | 00975nam a2200289 4500 | ||
|---|---|---|---|
| 001 | 24712 | ||
| 003 | BD-RjUL | ||
| 005 | 20211209001105.0 | ||
| 008 | 140315r19751972enk b 001 0 eng d | ||
| 020 |
_a0710072481 _a071007249X (pbk.) |
||
| 035 | _a(BD-RjUL)24781 | ||
| 040 |
_aDLC _cDLC _dDLC _dBD-RjUL _beng |
||
| 041 | _aeng | ||
| 082 | 0 | 0 |
_a942.062 _bSTC 1975 |
| 100 | 1 |
_aStone, Lawrence. _95351 |
|
| 245 | 1 | 4 |
_aThe causes of the English Revolution, 1529-1642 / _c Lawrence Stone |
| 260 |
_aLondon : _bRoutledge and K. Paul, _c1972. [Reprinted 1975] |
||
| 300 |
_axiv, 168 p. ; _c23 cm. |
||
| 350 | _a£2.00 | ||
| 504 | _aIncludes bibliographical references. and Index | ||
| 651 | 0 |
_aGreat Britain _xHistory _yCivil War, 1642-1649 _xCauses. _974222 |
|
| 651 | 0 |
_aGreat Britain _xPolitics and government _y1558-1603. _976066 |
|
| 651 | 0 |
_aGreat Britain _xPolitics and government _y1603-1649. _976067 |
|
| 942 |
_2ddc _cBK |
||
| 999 |
_c24712 _d24712 |
||